[Event "Asia Cities-ch 17th"]
[Site "Jakarta"]
[Date "2011.04.23"]
[Round "3.9"]
[White "Abdulkarim, Ali"]
[Black "Alradhi, Naji"]
[Result "1/2-1/2"]
[WhiteElo "1898"]
[BlackElo "2209"]
[PlyCount "60"]
[EventDate "2011.04.22"]
[EventType "team-swiss"]
[EventRounds "9"]
[EventCountry "INA"]
[SourceTitle "CBM 142 Extra"]
[Source "ChessBase"]
[SourceDate "2011.06.27"]
[SourceVersion "1"]
[SourceVersionDate "2011.06.27"]
[SourceQuality "1"]
[WhiteTeam "Sharjah"]
[BlackTeam "Dubai"]
[WhiteTeamCountry "UAE"]
[BlackTeamCountry "UAE"]

1. d4 d5 2. c4 e6 3. Nc3 Nf6 4. cxd5 exd5 5. Bg5 Be7 6. Qc2 g6 7. e4 dxe4 8. Bxf6 Bxf6 9. Qxe4+ Qe7 10. Qxe7+ Bxe7 11. Bc4 0-0 12. Nf3 Nd7 13. 0-0-0 a6 14. Rhe1 Bd6 15. Ne5 Kg7 16. f3 f6 17. Nd3 Nb6 18. Bb3 Bf5 19. g3 Bxd3 20. Rxd3 f5 21. f4 Rfe8 22. Rde3 Kf8 23. Rxe8+ Rxe8 24. Rxe8+ Kxe8 25. Nd5 Nxd5 26. Bxd5 b6 27. Kd2 Ke7 28. Ke3 Kf6 29. Kf3 Bb4 30. h3 h6 1/2-1/2

[Event "Dubai op 13th"]
[Site "Dubai"]
[Date "2011.04.12"]
[Round "3"]
[White "Simantsev, Mikhail"]
[Black "Alradhi, Naji"]
[Result "1-0"]
[WhiteElo "2569"]
[BlackElo "2209"]
[PlyCount "71"]
[EventDate "2011.04.10"]
[EventType "swiss"]
[EventRounds "9"]
[EventCountry "UAE"]
[SourceTitle "CBM 141 Extra"]
[Source "ChessBase"]
[SourceDate "2011.05.03"]
[SourceVersion "1"]
[SourceVersionDate "2011.05.03"]
[SourceQuality "1"]

1. d4 d5 2. c4 e6 3. Nc3 Nf6 4. Nf3 Be7 5. Bf4 0-0 6. e3 c5 7. dxc5 Bxc5 8. Qc2 Qa5 9. Nd2 Be7 10. Be2 Nc6 11. 0-0 e5 12. Bg3 d4 13. Nb3 Qd8 14. Rad1 Be6 15. exd4 exd4 16. Nb5 Nb4 17. Qb1 d3 18. Bxd3 Nxd3 19. Rxd3 Qb6 20. Nd6 Rfd8 21. c5 Qa6 22. Rfd1 Rd7 23. Nd4 Bxd6 24. Ra3 Qc4 25. cxd6 Nh5 26. Nxe6 Nxg3 27. Ng5 Ne2+ 28. Kh1 g6 29. Ne4 Rdd8 30. Re3 Nf4 31. b3 Qc6 32. Qb2 Nh5 33. g4 Ng7 34. f3 f5 35. Rc1 Qb6 36. Rc7 1-0